Loading...
Current Events/Geography | 1 | 10.00 | 100% | 0% | 0% |
Fine Arts - Classical Music | 6 | 15.00 | 100% | 50% | 0% |
Fine Arts - Other Fine Arts | 4 | 12.50 | 75% | 50% | 0% |
Fine Arts - Visual Fine Arts | 5 | 18.00 | 100% | 80% | 0% |
History - American History | 5 | 14.00 | 100% | 40% | 0% |
History - European History | 4 | 10.00 | 100% | 0% | 0% |
History - Other History | 6 | 11.67 | 83% | 33% | 0% |
History - World History | 7 | 18.57 | 100% | 71% | 14% |
Literature - American Literature | 5 | 14.00 | 100% | 40% | 0% |
Literature - British Literature | 5 | 10.00 | 80% | 20% | 0% |
Literature - European Literature | 5 | 8.00 | 80% | 0% | 0% |
Literature - World/Other Literature | 5 | 18.00 | 100% | 80% | 0% |
Mythology | 5 | 20.00 | 100% | 60% | 40% |
Other Academic | 2 | 15.00 | 100% | 50% | 0% |
Philosophy | 5 | 10.00 | 100% | 0% | 0% |
Pop Culture | 1 | 20.00 | 100% | 100% | 0% |
Religion | 6 | 15.00 | 100% | 50% | 0% |
Science - Biology | 6 | 8.33 | 50% | 33% | 0% |
Science - Chemistry | 2 | 5.00 | 50% | 0% | 0% |
Science - Other Science | 1 | 20.00 | 100% | 100% | 0% |
Science - Physics | 7 | 17.14 | 100% | 43% | 29% |
Social Science | 5 | 12.00 | 80% | 40% | 0% |
World/Other Literature> | 1 | 10.00 | 100% | 0% | 0% |